| 000 | 00474cam a2200181ua 4500 | ||
|---|---|---|---|
| 020 | _c9.5 | ||
| 041 |
_aeng _h |
||
| 082 |
_a332.46 _bGHO/FI |
||
| 100 | _aGhosh, Alak . | ||
| 245 |
_aFinancial intermediaries and monitary policy in a developing economy / _cAlak Ghosh. _hTextual Documents |
||
| 250 |
_a1 / _b. |
||
| 260 |
_aCulcutta : _bWorld press pvt ltd , _c1964. |
||
| 300 | _a136 ; . | ||
| 365 | _a9.5 | ||
| 504 | _a | ||
| 942 | _cBK | ||
| 999 |
_c11440 _d11440 |
||